Logo BPK

Bibliografia Prac Pracowników

Politechniki Koszalińskiej

Ocena i modelowanie składowych sił mikroskrawania pojedynczym ziarnem / (Rekord nr 3006)

Szczegóły MARC
000 -ETYKIETA REKORDU
podpole kontrolne o stałej długości 01784naa a22002291i 4500
001 - NUMER KONTROLNY REKORDU
podpole kontrolne 3006
003 - IDENTYFIKATOR NUMERU KONTROLNEGO REKORDU
podpole kontrolne KOSZ 005
005 - DATA OSTATNIEJ MODYFIKACJI REKORDU
podpole kontrolne 20190606151713.0
008 - POLE O STAŁEJ DŁUGOŚCI - DANE KONTROLNE
podpole kontrolne o stałej długości 140612s2009 pl f |000 0 pol d
040 ## - ŹRÓDŁO KATALOGOWANIA
Instytucja, która utworzyła rekord BPK
Instytucja, która dokonała modyfikacji KOSZ 005/ac
080 ## - UNIWERSALNA KLASYFIKACJA DZIESIĘTNA - UKD
UKD 004.92/.94
080 ## - UNIWERSALNA KLASYFIKACJA DZIESIĘTNA - UKD
UKD 621.92
100 1# - NAZWA OSOBOWA
Nazwa osobowa KRÓLIKOWSKI, Tomasz.
Lata pracy 1997 - .
Instytucja Politechnika Koszalińska - Wydział Mechaniczny,
Wydział Katedra Mechaniki Precyzyjnej
245 10 - TYTUŁ/ODPOWIEDZIALNOŚĆ
Tytuł Ocena i modelowanie składowych sił mikroskrawania pojedynczym ziarnem /
Pozostałe elementy strefy tytułu i oznaczenia odpowiedzialności Tomasz Królikowski, Błażej Bałasz.
246 31 - WARIANT TYTUŁU
Tytuł Evaluation and modeling of component forces in single grain micromachining
500 ## - UWAGI OGÓLNE
Tekst uwagi Dane z autopsji.
520 ## - UWAGA DOTYCZĄCA TREŚCI DOKUMENTU
Analiza dokumentacyjna, adnotacja itp. Artykuł przedstawia wyznaczanie i modelowanie składowych sił szlifowania i na ich podstawie analizę zjawisk energetycznych towarzyszących szlifowaniu. Obecnie mówi się o globalnej oszczędności energii. Ograniczenie wydatkowania energii w trakcie procesu szlifowania nawet w niewielkim procencie, w skali makro może przynieść bardzo wysokie korzyści. Z literatury dotyczącej tematu artykułu przeanalizowano publikacje znaczące dla rozwoju technologii obróbki ściernej, zwłaszcza dotyczące aspektów energetycznych tego procesu. W artykule przedstawiono modele wyznaczania sił składowych szlifowania pojedynczym ziarnem ściernym oraz przedstawiono wyznaczone metodami symulacji komputerowej, najefektywniejsze rozwiązania obniżenia energii w procesie szlifowania przy zachowaniu znormalizowanej jakości wyrobu końcowego.
650 #0 - HASŁO PRZEDMIOTOWE W FORMIE NAZWY OGÓLNEJ LUB JEDNOSTKOWEJ
Nazwa ogólna lub geograficzna Szlifowanie
700 1# - HASŁO DODATKOWE - NAZWA OSOBOWA
Nazwa osobowa BAŁASZ, Błażej.
Lata pracy 1996 - .
Instytucja Politechnika Koszalińska - Wydział Mechaniczny,
Wydział Katedra Mechaniki Precyzyjnej
773 0# - TYTUŁ DOKUMENTU MACIERZYSTEGO
Wyrażenie wprowadzające W :
Tytuł Pomiary Automatyka Kontrola. -
Informacje dotyczące relacji 2009, Vol. 55, nr 4, s. 259-262
942 ## - HASŁO DODATKOWE - ELEMENTY(KOHA)
Typ dokumentu Artykuł
Schemat klasyfikacji Uniwersalna klasyfikacja dziesiętna
Egzemplarze
Wycofany Zagubiony Uszkodzony Dostępność Lokalizacja stała Lokalizacja bieżąca Sygnatura Typ dokumentu
      Dostępny Bibliografia Prac Pracowników - BPK Bibliografia Prac Pracowników - BPK 0275 Artykuł
© 2014 Biblioteka Politechniki Koszalińskiej :: BIBLIOGRAFIA PRAC PRACOWNIKÓW